Music Quiz

Random Music or Album Quiz

Breaking Rock Band News! Quiz Stats

 Plays Quiz Updated Mar 24, 2019

Score 0/15 Timer 05:00
1 Play Today
Hint Answer % Correct
The Beatles
98.8%
Eagles
93.4%
Bon Jovi
93.4%
Pink Floyd
93%
AC/DC
92.3%
Green Day
88.6%
Foo Fighters
84.3%
Sex Pistols
80.6%
Hint Answer % Correct
R.E.M.
78.7%
Kansas
71.7%
Weezer
69.5%
Rage Against the Machine
52.9%
Judas Priest
51.4%
The Cranberries
47.5%
Temple of the Dog
31.3%

You're not logged in!

Compare scores with friends on all Sporcle quizzes.
OR
Log In

Sporcle TV

Today on Sporcle TV


Watch our educational content, quiz creation guides, and fun videos on Sporcle TV.

Show Comments

Extras

Top Quizzes Today


Score Distribution

Your Account Isn't Verified!

In order to create a playlist on Sporcle, you need to verify the email address you used during registration. Go to your Sporcle Settings to finish the process.

Report this User

Report this user for behavior that violates our Community Guidelines.

Details: